000 00405cam a2200169 4500
001 D13176
008 090401t1928 xxu||||| |||| 00| 0 eng d
035 _a(Sirsi) u8182
041 _aeng
100 _aKonstam, E.M.
245 4 _aThe Rating and Valuation (Apportionment) Act, 1928
260 _aLondon
_bButterworth
_c1928
350 _a0
520 _aShelf 117
942 _n0
948 _c04/03/1997
999 _c86492
_d86492